[Event "GRE-ch 61st+"]
[Site "Chania"]
[Date "2011.11.27"]
[Round "1"]
[White "Kourkounakis, Ilias"]
[Black "Galopoulos, Nikolaos"]
[Result "0-1"]
[WhiteElo "2381"]
[BlackElo "2379"]
[PlyCount "58"]
[EventDate "2011.11.27"]
[EventType "tourn"]
[EventRounds "11"]
[EventCountry "GRE"]
[EventCategory "6"]
[SourceTitle "CBM 145 Extra"]
[Source "ChessBase"]
[SourceDate "2012.01.03"]
[SourceVersion "1"]
[SourceVersionDate "2012.01.03"]
[SourceQuality "1"]

1. c4 Nf6 2. Nc3 e6 3. e4 d5 4. e5 d4 5. exf6 dxc3 6. bxc3 Qxf6 7. d4 e5 8. Nf3 exd4 9. Bg5 Qe6+ 10. Be2 Nc6 11. 0-0 dxc3 12. Nd4 Nxd4 13. Qxd4 Bd6 14. Bd3 0-0 15. Rae1 Qg4 16. f4 Qd7 17. Bf6 Qc6 18. Be7 Bxe7 19. Rxe7 Be6 20. Qe5 Rad8 21. Rxc7 Qb6+ 22. c5 Qa5 23. f5 Rd5 24. Qf4 Bxf5 25. Bc4 Rdd8 26. Bb3 Bg6 27. h4 Kh8 28. Rc1 Rc8 29. Rxc8 Rxc8 0-1

[Event "Leros Artemis Cup 1st"]
[Site "Leros"]
[Date "2009.07.15"]
[Round "5"]
[White "Kourkounakis, Ilias"]
[Black "Andersen, Lars Even"]
[Result "1/2-1/2"]
[WhiteElo "2378"]
[BlackElo "2222"]
[PlyCount "26"]
[EventDate "2009.07.11"]
[EventType "swiss"]
[EventRounds "9"]
[EventCountry "GRE"]
[SourceTitle "CBM 131 Extra"]
[Source "ChessBase"]
[SourceDate "2009.09.03"]
[SourceVersion "2"]
[SourceVersionDate "2009.09.16"]
[SourceQuality "1"]

1. d4 Nf6 2. c4 Nc6 3. Nf3 e6 4. Nbd2 Bb4 5. Qc2 d6 6. e4 0-0 7. e5 Nd7 8. a3 Bxd2+ 9. Bxd2 dxe5 10. dxe5 Ndxe5 11. Nxe5 Nxe5 12. 0-0-0 Nc6 13. f4 Nd4 1/2-1/2

[Event "Leros Artemis Cup 1st"]
[Site "Leros"]
[Date "2009.07.13"]
[Round "3"]
[White "Kourkounakis, Ilias"]
[Black "Timoshenko, Georgy"]
[Result "1/2-1/2"]
[WhiteElo "2378"]
[BlackElo "2556"]
[PlyCount "49"]
[EventDate "2009.07.11"]
[EventType "swiss"]
[EventRounds "9"]
[EventCountry "GRE"]
[SourceTitle "CBM 131 Extra"]
[Source "ChessBase"]
[SourceDate "2009.09.03"]
[SourceVersion "2"]
[SourceVersionDate "2009.09.16"]
[SourceQuality "1"]

1. d4 Nf6 2. Nf3 e6 3. c4 b6 4. Nc3 Bb7 5. Bg5 h6 6. Bh4 d6 7. Qc2 Be7 8. e4 Nbd7 9. 0-0-0 0-0 10. e5 Nh5 11. Bg3 a6 12. Bd3 b5 13. Be4 Bxe4 14. Qxe4 bxc4 15. d5 exd5 16. Nxd5 dxe5 17. Bxe5 Bd6 18. Bc3 Nhf6 19. Qxc4 Re8 20. Nxf6+ Nxf6 21. Ne5 Qe7 22. Rhe1 Qe6 23. Qxe6 Rxe6 24. Nc4 Ne4 25. Nxd6 1/2-1/2

[Event "GRE-chT 35th"]
[Site "Ermioni Argolidas"]
[Date "2006.07.08"]
[Round "7"]
[White "Kourkounakis, Ilias"]
[Black "Kanellopoulos, Panayotis"]
[Result "1/2-1/2"]
[WhiteElo "2379"]
[BlackElo "2271"]
[PlyCount "23"]
[EventDate "2006.07.03"]
[EventType "team"]
[EventRounds "9"]
[EventCountry "GRE"]
[SourceTitle "CBM 113 Extra"]
[Source "ChessBase"]
[SourceDate "2006.09.14"]
[SourceVersion "1"]
[SourceVersionDate "2006.09.14"]
[SourceQuality "1"]

1. d4 Nf6 2. Nf3 g6 3. g3 Bg7 4. Bg2 0-0 5. b3 c5 6. 0-0 cxd4 7. Nxd4 d5 8. Bb2 Nc6 9. Nxc6 bxc6 10. c4 Be6 11. Nd2 Qb6 12. cxd5 1/2-1/2

[Event "GRE-chT 35th"]
[Site "Ermioni Argolidas"]
[Date "2006.07.07"]
[Round "5"]
[White "Kourkounakis, Ilias"]
[Black "Vaisser, Anatoli"]
[Result "1/2-1/2"]
[WhiteElo "2379"]
[BlackElo "2568"]
[PlyCount "27"]
[EventDate "2006.07.03"]
[EventType "team"]
[EventRounds "9"]
[EventCountry "GRE"]
[SourceTitle "CBM 113 Extra"]
[Source "ChessBase"]
[SourceDate "2006.09.14"]
[SourceVersion "1"]
[SourceVersionDate "2006.09.14"]
[SourceQuality "1"]

1. d4 e6 2. c4 f5 3. g3 Nf6 4. Bg2 c6 5. Nh3 d5 6. 0-0 Be7 7. b3 b5 8. Nc3 bxc4 9. bxc4 0-0 10. Rb1 Ne4 11. Nxe4 fxe4 12. Qa4 Bd6 13. Bf4 a5 14. f3 1/2-1/2

[Event "GRE-chT 35th"]
[Site "Ermioni Argolidas"]
[Date "2006.07.06"]
[Round "4"]
[White "Kritz, Leonid"]
[Black "Kourkounakis, Ilias"]
[Result "1/2-1/2"]
[WhiteElo "2578"]
[BlackElo "2379"]
[PlyCount "40"]
[EventDate "2006.07.03"]
[EventType "team"]
[EventRounds "9"]
[EventCountry "GRE"]
[SourceTitle "CBM 113 Extra"]
[Source "ChessBase"]
[SourceDate "2006.09.14"]
[SourceVersion "1"]
[SourceVersionDate "2006.09.14"]
[SourceQuality "1"]

1. e4 c6 2. d3 d5 3. Nd2 Qc7 4. Ngf3 Bg4 5. h3 Bh5 6. b3 Nd7 7. Bb2 e5 8. Be2 Bd6 9. d4 Bxf3 10. Bxf3 Ngf6 11. exd5 cxd5 12. 0-0 0-0 13. c4 e4 14. Be2 Bf4 15. Re1 e3 16. Nf1 exf2+ 17. Kxf2 Ne4+ 18. Kg1 Bg3 19. Nxg3 Qxg3 20. Qd3 Qf2+ 1/2-1/2

[Event "GRE-chT 35th"]
[Site "Ermioni Argolidas"]
[Date "2006.07.05"]
[Round "3"]
[White "Kourkounakis, Ilias"]
[Black "Mastrovasilis, Dimitrios"]
[Result "0-1"]
[WhiteElo "2379"]
[BlackElo "2567"]
[PlyCount "68"]
[EventDate "2006.07.03"]
[EventType "team"]
[EventRounds "9"]
[EventCountry "GRE"]
[SourceTitle "CBM 113 Extra"]
[Source "ChessBase"]
[SourceDate "2006.09.14"]
[SourceVersion "1"]
[SourceVersionDate "2006.09.14"]
[SourceQuality "1"]

1. c4 e6 2. Nf3 d5 3. d4 Nf6 4. e3 c5 5. Nc3 Nc6 6. Bd3 dxc4 7. Bxc4 a6 8. a4 cxd4 9. exd4 Be7 10. 0-0 0-0 11. Bg5 Bd7 12. Qe2 Nb4 13. Ne5 Bc6 14. Rad1 Nfd5 15. Bc1 Rc8 16. Bb3 Qa5 17. Qg4 Bf6 18. Ne4 Qd8 19. Rfe1 Kh8 20. Ng5 Be8 21. f4 h6 22. Ngf3 Nc2 23. Re2 Na1 24. Ba2 Bxa4 25. Rde1 Nc2 26. f5 Nxe1 27. Rxe1 exf5 28. Qxf5 Bc2 29. Qh5 Bxe5 30. Nxe5 Qa5 31. Rf1 Qxa2 32. Bxh6 gxh6 33. Qxh6+ Bh7 34. Ng6+ Kg8 0-1

[Event "GRE-chT 31st"]
[Site "Chalkidiki"]
[Date "2002.07.11"]
[Round "7"]
[White "Mastrovasilis, Athanasios"]
[Black "Kourkounakis, Ilias"]
[Result "1-0"]
[WhiteElo "2461"]
[BlackElo "2391"]
[PlyCount "53"]
[EventDate "2002.07.05"]
[EventType "team"]
[EventRounds "8"]
[EventCountry "GRE"]
[SourceTitle "CBM 089 Extra"]
[Source "ChessBase"]
[SourceDate "2002.09.10"]
[SourceVersion "2"]
[SourceVersionDate "2002.09.10"]
[SourceQuality "1"]

1. Nf3 Nf6 2. d4 g6 3. c4 Bg7 4. Nc3 d5 5. cxd5 Nxd5 6. e4 Nxc3 7. bxc3 c5 8. Be3 0-0 9. Be2 cxd4 10. cxd4 Nc6 11. 0-0 b6 12. d5 Ne5 13. Nd4 Bb7 14. Rc1 Rc8 15. Qa4 a6 16. f4 Nd7 17. Rxc8 Qxc8 18. Nc6 Bxc6 19. Qxc6 Nc5 20. e5 Qxc6 21. dxc6 Rc8 22. Bf3 f6 23. Rb1 Na4 24. Rd1 Kf8 25. Rd7 Nc5 26. Bxc5 bxc5 27. c7 1-0

[Event "Gausdal Classics IM-A"]
[Site "Gausdal"]
[Date "2002.04.16"]
[Round "7"]
[White "Kourkounakis, Ilias"]
[Black "Byklum, Bjornar"]
[Result "1-0"]
[WhiteElo "2389"]
[BlackElo "2168"]
[PlyCount "51"]
[EventDate "2002.04.11"]
[EventType "tourn"]
[EventRounds "9"]
[EventCountry "NOR"]
[EventCategory "2"]
[SourceTitle "CBM 087 Extra"]
[Source "ChessBase"]
[SourceDate "2002.05.03"]
[SourceVersion "2"]
[SourceVersionDate "2002.08.09"]
[SourceQuality "1"]

1. d4 Nf6 2. c4 g6 3. Nc3 d5 4. cxd5 Nxd5 5. e4 Nxc3 6. bxc3 Bg7 7. Bc4 0-0 8. Ne2 c5 9. 0-0 cxd4 10. cxd4 Nc6 11. Be3 Bg4 12. f3 Na5 13. Bd3 Be6 14. d5 Bxa1 15. Qxa1 f6 16. Kh1 b6 17. Bh6 Re8 18. Nf4 Bd7 19. e5 Rc8 20. e6 Ba4 21. Qb1 Qc7 22. Bxg6 Bc2 23. Bf7+ Kh8 24. Qe1 Qc4 25. d6 exd6 26. Qa1 1-0

[Event "Gausdal Classics IM-A"]
[Site "Gausdal"]
[Date "2002.04.15"]
[Round "5"]
[White "Kourkounakis, Ilias"]
[Black "Trygstad, Kristian J"]
[Result "1/2-1/2"]
[WhiteElo "2389"]
[BlackElo "2313"]
[PlyCount "48"]
[EventDate "2002.04.11"]
[EventType "tourn"]
[EventRounds "9"]
[EventCountry "NOR"]
[EventCategory "2"]
[SourceTitle "CBM 087 Extra"]
[Source "ChessBase"]
[SourceDate "2002.05.03"]
[SourceVersion "2"]
[SourceVersionDate "2002.08.09"]
[SourceQuality "1"]

1. g3 g6 2. Bg2 Bg7 3. d4 d6 4. e4 Nf6 5. Nc3 0-0 6. Nge2 e5 7. 0-0 Nc6 8. h3 exd4 9. Nxd4 Bd7 10. Nce2 Re8 11. Bg5 h6 12. Be3 b5 13. Nxb5 Nxe4 14. Nbc3 Nxc3 15. Nxc3 Ne5 16. b3 a5 17. Kh2 Rb8 18. Bd4 Rb4 19. Ne2 c5 20. Bc3 Bb5 21. Re1 Bxe2 22. Rxe2 Ng4+ 23. hxg4 Bxc3 24. Rb1 Rxe2 1/2-1/2

[Event "Gausdal Classics IM-A"]
[Site "Gausdal"]
[Date "2002.04.15"]
[Round "6"]
[White "Richards, Heather"]
[Black "Kourkounakis, Ilias"]
[Result "1/2-1/2"]
[WhiteElo "2209"]
[BlackElo "2389"]
[PlyCount "33"]
[EventDate "2002.04.11"]
[EventType "tourn"]
[EventRounds "9"]
[EventCountry "NOR"]
[EventCategory "2"]
[SourceTitle "CBM 087 Extra"]
[Source "ChessBase"]
[SourceDate "2002.05.03"]
[SourceVersion "2"]
[SourceVersionDate "2002.08.09"]
[SourceQuality "1"]

1. e4 e5 2. Nc3 Nf6 3. g3 Bc5 4. Bg2 Nc6 5. Nge2 d6 6. Na4 Be6 7. 0-0 Qd7 8. Nxc5 dxc5 9. d3 Bh3 10. Be3 b6 11. a4 a5 12. Qd2 Bxg2 13. Kxg2 Ng4 14. b3 f6 15. f3 Nxe3+ 16. Qxe3 Nd4 17. Nxd4 1/2-1/2

[Event "Gausdal Classics IM-A"]
[Site "Gausdal"]
[Date "2002.04.13"]
[Round "3"]
[White "Kourkounakis, Ilias"]
[Black "Wikstrom, Per"]
[Result "1-0"]
[WhiteElo "2389"]
[BlackElo "2255"]
[PlyCount "87"]
[EventDate "2002.04.11"]
[EventType "tourn"]
[EventRounds "9"]
[EventCountry "NOR"]
[EventCategory "2"]
[SourceTitle "CBM 087 Extra"]
[Source "ChessBase"]
[SourceDate "2002.05.03"]
[SourceVersion "2"]
[SourceVersionDate "2002.08.09"]
[SourceQuality "1"]

1. c4 c6 2. e4 e5 3. Nf3 Nf6 4. Nc3 Bb4 5. Nxe5 Qe7 6. Nd3 Bxc3 7. dxc3 Qxe4+ 8. Qe2 0-0 9. Qxe4 Nxe4 10. Be2 d5 11. cxd5 cxd5 12. f3 Nf6 13. Bg5 Nc6 14. Kf2 d4 15. c4 Bf5 16. Nf4 Nd7 17. g4 f6 18. Bh4 g5 19. gxf5 gxf4 20. Rhg1+ Kf7 21. Rg4 Nde5 22. Rxf4 d3 23. Bd1 Rad8 24. Re4 Rd4 25. c5 d2 26. Bb3+ Ke7 27. Rg1 Kd8 28. Rd1 Kc7 29. Ke2 a5 30. Rxd2 Nxf3 31. Bg3+ Kd8 32. Rdxd4+ Nfxd4+ 33. Kd3 Nxf5 34. Bf4 Nfd4 35. Rxd4+ Nxd4 36. Kxd4 Re8 37. Bd5 Kc8 38. Be4 h5 39. b3 h4 40. h3 Rg8 41. Bf5+ Kd8 42. Bd2 Rg2 43. Bxa5+ Ke7 44. Be1 1-0

[Event "GRE-chT 30th"]
[Site "Athens"]
[Date "2001.??.??"]
[Round "5"]
[White "Velimirovic, Dragoljub"]
[Black "Kourkounakis, Ilias"]
[Result "1/2-1/2"]
[WhiteElo "2507"]
[BlackElo "2405"]
[PlyCount "69"]
[EventDate "2001.07.07"]
[EventType "team"]
[EventRounds "9"]
[EventCountry "GRE"]
[SourceTitle "CBM 085 Extra"]
[Source "ChessBase"]
[SourceDate "2002.01.21"]
[SourceVersion "1"]
[SourceVersionDate "2002.01.21"]
[SourceQuality "1"]

1. e4 e5 2. Nf3 Nc6 3. Bb5 Nf6 4. 0-0 Nxe4 5. d4 Nd6 6. Bxc6 dxc6 7. dxe5 Nf5 8. Qxd8+ Kxd8 9. Rd1+ Ke8 10. Nc3 h6 11. Ne2 Ne7 12. h3 Ng6 13. b3 c5 14. c4 Be6 15. Nc3 Rd8 16. Be3 Rd7 17. a4 a5 18. Kh2 b6 19. g4 Be7 20. Kg3 f6 21. Rxd7 Bxd7 22. Nd5 fxe5 23. Nxc7+ Kf7 24. Nd5 Bc6 25. Nxb6 Rb8 26. Nd5 Rxb3 27. Nd2 Rd3 28. Kf3 Nf4 29. Rb1 Nxd5 30. cxd5 Rxd5 31. Kg3 Bxa4 32. Ra1 Bb5 33. Rxa5 c4 34. Ne4 Bb4 35. Ra8 1/2-1/2

[Event "GRE-chT 30th"]
[Site "Athens"]
[Date "2001.??.??"]
[Round "2"]
[White "Vouldis, Angelos"]
[Black "Kourkounakis, Ilias"]
[Result "1/2-1/2"]
[WhiteElo "2535"]
[BlackElo "2405"]
[PlyCount "50"]
[EventDate "2001.07.07"]
[EventType "team"]
[EventRounds "9"]
[EventCountry "GRE"]
[SourceTitle "CBM 085 Extra"]
[Source "ChessBase"]
[SourceDate "2002.01.21"]
[SourceVersion "1"]
[SourceVersionDate "2002.01.21"]
[SourceQuality "1"]

1. d4 Nf6 2. Bg5 c5 3. Bxf6 gxf6 4. dxc5 Qa5+ 5. c3 Qxc5 6. Nd2 Nc6 7. Ngf3 Ne5 8. e3 Rg8 9. Qb3 b6 10. Nxe5 fxe5 11. Ne4 Qc7 12. Bc4 Rg7 13. Ng3 e6 14. e4 Be7 15. 0-0-0 a6 16. Kb1 Bb7 17. Be2 Qc5 18. Qc2 b5 19. Bf3 a5 20. Qd2 Bc6 21. Nf1 b4 22. Rc1 Bg5 23. Ne3 Bxe3 24. fxe3 Rb8 25. Rhd1 f6 1/2-1/2

[Event "Bouzakis Memorial-A"]
[Site "Chania"]
[Date "2000.08.21"]
[Round "2"]
[White "Nikolaidis, Konstantinos"]
[Black "Kourkounakis, Ilias"]
[Result "1/2-1/2"]
[WhiteElo "2308"]
[BlackElo "2407"]
[PlyCount "30"]
[EventDate "2000.08.20"]
[EventType "tourn"]
[EventRounds "9"]
[EventCountry "GRE"]
[EventCategory "2"]
[SourceTitle "EXT 2004"]
[Source "ChessBase"]
[SourceDate "2003.11.25"]
[SourceVersion "1"]
[SourceVersionDate "2003.11.25"]
[SourceQuality "1"]

1. d4 Nf6 2. c4 e6 3. Nc3 Bb4 4. Qc2 Nc6 5. Nf3 d6 6. Bd2 0-0 7. a3 Bxc3 8. Bxc3 Qe7 9. e3 e5 10. dxe5 dxe5 11. Be2 Bg4 12. 0-0 Rfe8 13. Rfd1 e4 14. Nd4 Ne5 15. Bxg4 Nexg4 1/2-1/2

[Event "GRE-chT 29th"]
[Site "Athens"]
[Date "2000.07.12"]
[Round "7"]
[White "Kourkounakis, Ilias"]
[Black "Zalahoras, Nikolaos"]
[Result "1/2-1/2"]
[WhiteElo "2407"]
[BlackElo "2228"]
[PlyCount "27"]
[EventDate "2000.07.06"]
[EventType "team"]
[EventRounds "8"]
[EventCountry "GRE"]
[SourceTitle "EXT 2001"]
[Source "ChessBase"]
[SourceDate "2000.11.22"]
[SourceVersion "1"]
[SourceVersionDate "2000.11.22"]
[SourceQuality "1"]

1. g3 Nf6 2. Bg2 g6 3. d4 Bg7 4. e4 d6 5. Nc3 0-0 6. Nge2 c6 7. 0-0 e5 8. a4 Qc7 9. a5 Na6 10. h3 Rd8 11. Be3 Be6 12. Qd2 d5 13. exd5 Nxd5 14. Nxd5 1/2-1/2

[Event "GRE-chT 29th"]
[Site "Athens"]
[Date "2000.07.06"]
[Round "1"]
[White "Kourkounakis, Ilias"]
[Black "Shahtahtinsky, Alekper"]
[Result "1-0"]
[WhiteElo "2407"]
[BlackElo "2352"]
[PlyCount "155"]
[EventDate "2000.07.06"]
[EventType "team"]
[EventRounds "8"]
[EventCountry "GRE"]
[SourceTitle "EXT 2001"]
[Source "ChessBase"]
[SourceDate "2000.11.22"]
[SourceVersion "1"]
[SourceVersionDate "2000.11.22"]
[SourceQuality "1"]

1. e4 c5 2. Nf3 g6 3. c3 Bg7 4. d4 cxd4 5. cxd4 d5 6. exd5 Nf6 7. Bb5+ Nbd7 8. d6 exd6 9. Qe2+ Qe7 10. Bf4 Qxe2+ 11. Bxe2 Ke7 12. 0-0 Nd5 13. Bg3 N7f6 14. Nbd2 Rd8 15. Rfe1 h6 16. Nc4 Be6 17. Na5 Rd7 18. Rac1 a6 19. Nd2 Kf8 20. Ndc4 Rad8 21. a3 Ne4 22. Bf3 Nef6 23. b4 Kg8 24. Nxd6 b6 25. Nab7 Rb8 26. Nc5 bxc5 27. dxc5 Rbd8 28. Be2 Ra7 29. c6 Ne8 30. Nb7 Rc8 31. Bf3 Bb2 32. Rc5 Nec7 33. Rd1 Bxa3 34. Nd6 Rd8 35. Bxd5 Bxb4 36. Bxe6 Bxc5 37. Bd7 a5 38. Nb7 Rxb7 39. cxb7 Na6 40. Bg4 Rxd1+ 41. Bxd1 Ba7 42. Be2 Nb8 43. Bb5 Kf8 44. Bd6+ Kg7 45. h4 Kf6 46. Bc7 Ke6 47. Bxa5 Kd6 48. Bd2 Kc7 49. Bxh6 Nc6 50. Bc4 Ne5 51. Bf4 f6 52. Bd5 Kd6 53. Be4 f5 54. Bc2 Bb8 55. h5 gxh5 56. Bxf5 Kd5 57. Kf1 Kd4 58. g3 Kd5 59. Kg2 Kd6 60. Bg6 Kc6 61. Be4+ Kd6 62. Kh3 Ke6 63. Kh4 Ba7 64. Kxh5 Nd7 65. Kg6 Ne5+ 66. Kg5 Nf7+ 67. Kg4 Ne5+ 68. Kh3 Nd7 69. g4 Ne5 70. f3 Bb8 71. Be3 Nf7 72. g5 Nd6 73. Kg4 Nc4 74. Bd4 Ne5+ 75. Kh5 Nd7 76. g6 Nf6+ 77. Kg5 Ng8 78. f4 1-0

[Event "Chania op"]
[Site "Chania"]
[Date "1999.08.29"]
[Round "9"]
[White "Kourkounakis, Ilias"]
[Black "Dochev, Dimitar"]
[Result "1/2-1/2"]
[WhiteElo "2405"]
[BlackElo "2365"]
[PlyCount "21"]
[EventDate "1999.08.20"]
[EventType "swiss"]
[EventRounds "9"]
[EventCountry "GRE"]
[SourceTitle "EXT 2007"]
[Source "ChessBase"]
[SourceDate "2006.11.23"]
[SourceVersion "1"]
[SourceVersionDate "2006.11.23"]
[SourceQuality "1"]

1. d4 Nf6 2. c4 g6 3. Nc3 Bg7 4. e4 d6 5. Bd3 0-0 6. Nge2 c5 7. d5 e6 8. 0-0 exd5 9. exd5 a6 10. h3 Nbd7 11. f4 1/2-1/2

[Event "Chania op"]
[Site "Chania"]
[Date "1999.08.22"]
[Round "3"]
[White "Kourkounakis, Ilias"]
[Black "Tsarouhas, Konstantinos"]
[Result "1/2-1/2"]
[WhiteElo "2405"]
[BlackElo "2285"]
[PlyCount "23"]
[EventDate "1999.08.20"]
[EventType "swiss"]
[EventRounds "9"]
[EventCountry "GRE"]
[SourceTitle "EXT 2007"]
[Source "ChessBase"]
[SourceDate "2006.11.23"]
[SourceVersion "1"]
[SourceVersionDate "2006.11.23"]
[SourceQuality "1"]

1. g3 c5 2. Bg2 Nc6 3. c4 g6 4. Nc3 Bg7 5. d3 Nf6 6. Nh3 a6 7. Nf4 Rb8 8. 0-0 d6 9. a3 Bd7 10. Rb1 b5 11. cxb5 axb5 12. b4 1/2-1/2

[Event "Korinthos op 3rd"]
[Site "Korinthos"]
[Date "1999.07.29"]
[Round "6"]
[White "Kourkounakis, Ilias"]
[Black "Savanovic, Aleksandar"]
[Result "1/2-1/2"]
[WhiteElo "2407"]
[BlackElo "2421"]
[PlyCount "32"]
[EventDate "1999.07.27"]
[EventType "swiss"]
[EventRounds "9"]
[EventCountry "GRE"]
[SourceTitle "EXT 2000"]
[Source "ChessBase"]
[SourceDate "1999.11.16"]
[SourceVersion "1"]
[SourceVersionDate "1999.11.16"]
[SourceQuality "1"]

1. c4 e5 2. Nc3 Nf6 3. Nf3 Nc6 4. g3 d5 5. cxd5 Nxd5 6. Bg2 Nb6 7. 0-0 Be7 8. a3 0-0 9. b4 Re8 10. Bb2 Bf8 11. d3 a5 12. Ne4 Nd4 13. Nc5 axb4 14. axb4 Rxa1 15. Bxa1 Nxf3+ 16. Bxf3 c6 1/2-1/2

[Event "GRE-chT 28th"]
[Site "Kavala"]
[Date "1999.??.??"]
[Round "?"]
[White "Kourkounakis, Ilias"]
[Black "Souleidis, Georgios"]
[Result "1/2-1/2"]
[WhiteElo "2407"]
[BlackElo "2383"]
[PlyCount "37"]
[EventDate "1999.??.??"]
[EventType "team"]
[EventRounds "8"]
[EventCountry "GRE"]
[SourceTitle "EXT 2002"]
[Source "ChessBase"]
[SourceDate "2001.11.25"]
[SourceVersion "1"]
[SourceVersionDate "2001.11.25"]
[SourceQuality "1"]

1. g3 g6 2. Bg2 Bg7 3. Nc3 d6 4. e4 e5 5. Nge2 Ne7 6. d4 0-0 7. Be3 Nbc6 8. 0-0 Bg4 9. f3 exd4 10. Nxd4 Bd7 11. Qd2 Ne5 12. b3 Qc8 13. Bh6 Bxh6 14. Qxh6 c5 15. Nde2 c4 16. b4 a5 17. a3 axb4 18. axb4 Qc7 19. Qe3 1/2-1/2

[Event "Chania op 7th"]
[Site "Chania"]
[Date "1997.09.08"]
[Round "6"]
[White "Chatzidakis, Mihail"]
[Black "Kourkounakis, Ilias"]
[Result "1/2-1/2"]
[WhiteElo "2225"]
[BlackElo "2405"]
[PlyCount "32"]
[EventDate "1997.09.03"]
[EventType "swiss"]
[EventRounds "9"]
[EventCountry "GRE"]
[SourceTitle "EXT 1998"]
[Source "ChessBase"]
[SourceDate "1997.11.17"]
[SourceVersion "1"]
[SourceVersionDate "1997.11.17"]
[SourceQuality "1"]

1. e4 c6 2. c4 d5 3. exd5 cxd5 4. cxd5 Nf6 5. Qa4+ Nbd7 6. Nc3 g6 7. Be2 Bg7 8. Bf3 0-0 9. d4 Nb6 10. Qb3 e6 11. dxe6 Bxe6 12. Qd1 Bc4 13. Nge2 Nfd5 14. Nxd5 Nxd5 15. 0-0 Qb6 16. b3 Bxe2 1/2-1/2

[Event "Chania op 7th"]
[Site "Chania"]
[Date "1997.09.07"]
[Round "5"]
[White "Kourkounakis, Ilias"]
[Black "Kouvatsou, Maria"]
[Result "1-0"]
[WhiteElo "2405"]
[BlackElo "2135"]
[PlyCount "83"]
[EventDate "1997.09.03"]
[EventType "swiss"]
[EventRounds "9"]
[EventCountry "GRE"]
[SourceTitle "EXT 1998"]
[Source "ChessBase"]
[SourceDate "1997.11.17"]
[SourceVersion "1"]
[SourceVersionDate "1997.11.17"]
[SourceQuality "1"]

1. c4 g6 2. Nc3 Bg7 3. d4 Nf6 4. e4 d6 5. Bg5 0-0 6. Be2 c5 7. d5 b5 8. cxb5 Qa5 9. Bd2 a6 10. a4 Qb4 11. Qc2 axb5 12. Bxb5 Ba6 13. f3 Nfd7 14. Ra2 c4 15. Nge2 Nc5 16. 0-0 Nb3 17. Be1 Nc5 18. Nc1 Nb3 19. N3e2 Qc5+ 20. Bf2 Nd4 21. Qd2 Nxe2+ 22. Nxe2 Qc7 23. Nc3 Nd7 24. Bc6 Rab8 25. Nb5 Qd8 26. f4 f5 27. Re1 fxe4 28. Rxe4 Nb6 29. Nd4 Bc8 30. a5 Bf5 31. Nxf5 gxf5 32. Re1 Na8 33. Bd4 Bf6 34. Bxf6 Rxf6 35. Qc3 Qc7 36. Qxc4 Qa7+ 37. Kf1 Kf7 38. b4 Nc7 39. Rae2 Na8 40. Qc3 Rc8 41. b5 Rh6 42. Rxe7+ 1-0